书目信息 |
| 题名: |
用设计思维解决商业难题
|
|
| 作者: | 佐宗邦威 著 ;关梦露 译 | |
| 分册: | ||
| 出版信息: | 北京 北京科学技术出版社 2019.07 |
|
| 页数: | 11, 193页 | |
| 开本: | 21cm | |
| 丛书名: | ||
| 单 册: | ||
| 中图分类: | J06 , F712 | |
| 科图分类: | ||
| 主题词: | 设计--she ji--思维方法--应用--商业管理--研究 | |
| 电子资源: | ||
| ISBN: | 978-7-5304-9854-5 | |
| 000 | 01030nam0 2200253 450 | |
| 001 | 2031262154 | |
| 005 | 20201106084113.20 | |
| 010 | @a978-7-5304-9854-5@dCNY45.00 | |
| 100 | @a20190718d2019 em y0chiy50 ea | |
| 101 | 1 | @achi@cjpn |
| 102 | @aCN@b110000 | |
| 105 | @aa z 000yy | |
| 200 | 1 | @a用设计思维解决商业难题@Ayong she ji si wei jie jue shang ye nan ti@f(日) 佐宗邦威著@g关梦露译 |
| 210 | @a北京@c北京科学技术出版社@d2019.07 | |
| 215 | @a11, 193页@c图@d21cm | |
| 314 | @a佐宗邦威, 战略设计农场biotope公司CEO兼首席战略设计师。 | |
| 330 | @a本书是日本跨界企业经营家佐宗邦威根据自己的求学和工作经历, 对设计与商务的关系进行梳理, 提出设计对于商务人士开拓思路、走出困境、化解难题的重要意义, 并以诸多可行的方法和场景供商务人士学习如何在工作和日常生活中培养设计思维。 | |
| 606 | 0 | @a设计@Ashe ji@x思维方法@x应用@x商业管理@x研究 |
| 690 | @aJ06@v5 | |
| 690 | @aF712@v5 | |
| 701 | 0 | @a佐宗邦威@Azuo zong bang wei@4著 |
| 702 | 0 | @a关梦露@Aguan meng lu@4译 |
| 801 | 0 | @aCN@b人天书店@c20201001 |
| 905 | @aZUCC@dJ06@eZ994 | |
| 用设计思维解决商业难题/(日) 佐宗邦威著/关梦露译.-北京:北京科学技术出版社,2019.07 |
| 11, 193页:图;21cm |
| ISBN 978-7-5304-9854-5:CNY45.00 |
| 本书是日本跨界企业经营家佐宗邦威根据自己的求学和工作经历, 对设计与商务的关系进行梳理, 提出设计对于商务人士开拓思路、走出困境、化解难题的重要意义, 并以诸多可行的方法和场景供商务人士学习如何在工作和日常生活中培养设计思维。 |
| ● |
| 相关链接 |
|
|
|
正题名:用设计思维解决商业难题
索取号:J06/Z994
 
预约/预借
| 序号 | 登录号 | 条形码 | 馆藏地/架位号 | 状态 | 备注 |
| 1 | 1481258 | 214812586 | 社科库309/309社科库 63排2列5层/ [索取号:J06/Z994] | 在馆 | |
| 2 | 1481259 | 214812595 | 社科库309/309社科库 63排2列5层/ [索取号:J06/Z994] | 在馆 |